<?xml version="1.0" encoding="UTF-8"?><?xml-stylesheet type="text/xsl" href="static/style.xsl"?><OAI-PMH xmlns="http://www.openarchives.org/OAI/2.0/" xmlns:xsi="http://www.w3.org/2001/XMLSchema-instance" xsi:schemaLocation="http://www.openarchives.org/OAI/2.0/ http://www.openarchives.org/OAI/2.0/OAI-PMH.xsd"><responseDate>2026-04-13T07:09:15Z</responseDate><request verb="GetRecord" identifier="oai:www.recercat.cat:2445/196310" metadataPrefix="marc">https://recercat.cat/oai/request</request><GetRecord><record><header><identifier>oai:recercat.cat:2445/196310</identifier><datestamp>2025-12-06T01:57:41Z</datestamp><setSpec>com_2072_1057</setSpec><setSpec>col_2072_478820</setSpec><setSpec>col_2072_478917</setSpec></header><metadata><record xmlns="http://www.loc.gov/MARC21/slim" xmlns:dcterms="http://purl.org/dc/terms/" xmlns:xsi="http://www.w3.org/2001/XMLSchema-instance" xmlns:doc="http://www.lyncode.com/xoai" xsi:schemaLocation="http://www.loc.gov/MARC21/slim http://www.loc.gov/standards/marcxml/schema/MARC21slim.xsd">
   <leader>00925njm 22002777a 4500</leader>
   <datafield ind2=" " ind1=" " tag="042">
      <subfield code="a">dc</subfield>
   </datafield>
   <datafield ind2=" " ind1=" " tag="720">
      <subfield code="a">Checa, Juan Manuel</subfield>
      <subfield code="e">author</subfield>
   </datafield>
   <datafield ind2=" " ind1=" " tag="260">
      <subfield code="c">2023-03-31T13:52:13Z</subfield>
   </datafield>
   <datafield ind2=" " ind1=" " tag="260">
      <subfield code="c">2023-03-31T13:52:13Z</subfield>
   </datafield>
   <datafield ind2=" " ind1=" " tag="260">
      <subfield code="c">2011</subfield>
   </datafield>
   <datafield ind2=" " ind1=" " tag="260">
      <subfield code="c">2023-03-31T13:52:13Z</subfield>
   </datafield>
   <datafield ind2=" " ind1=" " tag="520">
      <subfield code="a">Un detalle irrelevante, pero que puede gozar de cierta importancia, descuella con timidez al afrontar el maremágnum de actitudes, declaraciones, actividades y consignas de eso que se ha dado en llamar (entre otros muchos calificativos) el 15-M. Se trata de lo vacías e inánimes que estaban hasta casi el día de hoy las plazas de las grandes ciudades de este país. Es una nimiedad de peso, una insignificancia notable, porque la democracia urge, sin duda posible, de un espacio público, si se me permite la expresión, transpersonal, de deliberación, concierto, acciones conjuntas... ámbito que antaño estaba destinado al ágora, la plaza pública griega, el cual no podía separarse de los conatos democráticos que ya conocieron los que sin duda son nuestros más eximios precedentes. Los arrecifes de cemento y hierba, breves momentos de paz que pueblan algunos márgenes de la orbes, han revelado, merced a las actuales convulsiones, que su excesiva y retirada tranquilidad era una apariencia inconveniente, algo parecido a una máscara mortuoria.</subfield>
   </datafield>
   <datafield tag="653" ind2=" " ind1=" ">
      <subfield code="a">Filosofia política</subfield>
   </datafield>
   <datafield tag="653" ind2=" " ind1=" ">
      <subfield code="a">Moviments socials</subfield>
   </datafield>
   <datafield tag="653" ind2=" " ind1=" ">
      <subfield code="a">Political philosophy</subfield>
   </datafield>
   <datafield tag="653" ind2=" " ind1=" ">
      <subfield code="a">Social movements</subfield>
   </datafield>
   <datafield ind2="0" ind1="0" tag="245">
      <subfield code="a">La rebeldía</subfield>
   </datafield>
</record></metadata></record></GetRecord></OAI-PMH>